Prvý hospodársky cyklus v postkomunistickej ekonomike Slovenska
Teória hospodárskeho cyklu. Priebeh hospodárskych cyklov v povojnovej histórii ekonomiky Slovenska. Hospodársky cyklus v doterajšom vývoji ekonomiky samostatnej SR v rokoch 1993 -1999. Vybrané makroekonomické ukazovatele a ich vlastnosti vo vzťahu k hospodárskemu cyklu.
Enregistré dans:
| Auteur principal: | |
|---|---|
| Format: | Chapitre de livre |
| Langue: | slovaque |
| Sujets: | |
| Tags: |
Pas de tags, Soyez le premier à ajouter un tag!
|
MARC
| LEADER | 00000naa$a2200000$$$4500 | ||
|---|---|---|---|
| 001 | 0001884 | ||
| 005 | 20230929075248.0 | ||
| 041 | 0 | |a slo | |
| 044 | |a SK | ||
| 245 | 1 | 0 | |a Prvý hospodársky cyklus v postkomunistickej ekonomike Slovenska |c aut. Pavol Kárász |
| 520 | |a Teória hospodárskeho cyklu. Priebeh hospodárskych cyklov v povojnovej histórii ekonomiky Slovenska. Hospodársky cyklus v doterajšom vývoji ekonomiky samostatnej SR v rokoch 1993 -1999. Vybrané makroekonomické ukazovatele a ich vlastnosti vo vzťahu k hospodárskemu cyklu. | ||
| 610 | 2 | 0 | |a cykly hospodárske |
| 610 | 2 | 0 | |a hospodárstvo národné |
| 610 | 2 | 0 | |a Slovensko |
| 610 | 2 | 0 | |a ukazovatele makroekonomické |
| 610 | 2 | 0 | |a teórie ekonomické |
| 100 | 1 | |a Kárász, Pavol | |